[Event "Open Nuevo Centro. Jornada 3"]
[Site "Chess.com"]
[Date "2020.07.03"]
[Round "4"]
[White "Sanchez Saez, Francisco"
[Black "Bosch Jord�, Ricard"
[Result "0-1"]
[WhiteElo "2198"]
[BlackElo "1845"]
[PlyCount "107"]
[EventDate "2020.??.??"]
1. e4 c5 2. d4 cxd4 3. c3 Nf6 4. e5 Nd5 5. Nf3 Nc6 6. Bc4 Nb6 7. Bb3 dxc3 8.
Nxc3 g6 9. Ng5 e6 10. f4 Bg7 11. O-O O-O 12. Nce4 a5 13. Be3 a4 14. Bc2 Nd5 15.
Bc5 Re8 16. Bxa4 b6 17. Bf2 Nxf4 18. Bxc6 dxc6 19. Qxd8 Rxd8 20. Bxb6 Ne2+ 21.
Kf2 Rd5 22. Kxe2 Rxe5 23. Bd4 Rxe4+ 24. Nxe4 Bxd4 25. Kd3 Bxb2 26. Rab1 Ba6+
27. Ke3 Bxf1 28. Rxf1 Rxa2 29. Nd6 Ba3 30. Nxf7 Bc5+ 31. Ke4 Rxg2 32. h3 Rf2
33. Nh6+ Kg7 34. Rxf2 Bxf2 35. Ng4 Be1 36. Ke5 h5 37. Ne3 Bf2 38. Nc4 Kf7 39.
Nd2 c5 40. Ne4 Bd4+ 41. Kd6 c4 42. Ng5+ Kf6 43. Nxe6 Be5+ 44. Kd5 c3 45. Nc5 c2
46. Nd3 Bb2 47. Ke4 c1=Q 48. Nxc1 Bxc1 49. Kf3 Kg5 50. Kg3 Bf4+ 51. Kf3 Bd6 52.
Ke4 Kh4 53. Kd5 Kxh3 54. Ke6 0-1

[Event "Open Nuevo Centro. Jornada 3"]
[Site "Chess.com"]
[Date "2020.07.03"]
[Round "4"]
[White "Alvarez Usina, Jordi"
[Black "Yatseta Fernandez, Marc Kazymyr"
[Result "1-0"]
[WhiteElo "1274"]
[BlackElo "1577"]
[PlyCount "106"]
[EventDate "2020.??.??"]
1. d4 Nf6 2. Bf4 d5 3. e3 Bf5 4. Nf3 e6 5. Nbd2 Bd6 6. Ne5 O-O 7. Ndf3 Ne4 8.
Nh4 f6 9. Nxf5 fxe5 10. dxe5 exf5 11. exd6 Nxd6 12. Qxd5+ Kh8 13. O-O-O Nc6 14.
Bxd6 cxd6 15. Qxd6 Qxd6 16. Rxd6 Rad8 17. Rxd8 Rxd8 18. Bd3 g6 19. Rd1 Kg7 20.
Bb5 Rxd1+ 21. Kxd1 Ne5 22. Ke2 a6 23. Bd3 Kf6 24. Kd2 h6 25. Be2 g5 26. f4 gxf4
27. exf4 Ng6 28. g3 Ke6 29. Bf3 b6 30. Kd3 Kd6 31. Kd4 a5 32. a4 Ke6 33. Kc4
Ne7 34. Kb5 Nc8 35. Bb7 Nd6+ 36. Kxb6 Nc4+ 37. Kb5 Nd6+ 38. Kc6 Nc4 39. b3 Na3
40. c3 Nb1 41. c4 Nd2 42. Bc8+ Kf6 43. Kb5 Nxb3 44. c5 Ke7 45. c6 Kd6 46. Bd7
Nd4+ 47. Kb6 Nxc6 48. Bxc6 h5 49. Bg2 Ke6 50. Kxa5 Kd6 51. Kb6 Kd7 52. a5 Kc8
53. a6 Kd7 1-0

[Event "Open Nuevo Centro. Jornada 3"]
[Site "Chess.com"]
[Date "2020.07.03"]
[Round "4"]
[White "Pardo Ruiz, Carlos"
[Black "Albuixech Sanz, Jorge"
[Result "0-1"]
[WhiteElo "1828"]
[BlackElo "1800"]
[PlyCount "138"]
[EventDate "2020.??.??"]
1. e4 c5 2. Nf3 d6 3. d4 cxd4 4. Nxd4 Nf6 5. Nc3 a6 6. Be3 e5 7. Nb3 Be6 8. f3
Be7 9. Qd2 O-O 10. g4 Qc7 11. h4 Nbd7 12. h5 b5 13. g5 Ne8 14. g6 Nef6 15.
gxf7+ Rxf7 16. h6 g6 17. a3 Nb6 18. Qf2 Nc4 19. Bxc4 Bxc4 20. Nd2 Be6 21. Qg2
d5 22. exd5 Nxd5 23. Nxd5 Bxd5 24. c3 Bc5 25. Bxc5 Qxc5 26. O-O-O Rd8 27. Ne4
Qe3+ 28. Kb1 Bxe4+ 29. fxe4 Rfd7 30. Qg4 Rxd1+ 31. Rxd1 Rxd1+ 32. Qxd1 Qxe4+
33. Ka1 Qf5 34. Qd5+ Qf7 35. Qd8+ Qf8 36. Qd5+ Qf7 37. Qxe5 Qf1+ 38. Ka2 Qf7+
39. Kb1 Qf1+ 40. Kc2 Qf5+ 41. Qxf5 gxf5 42. Kd3 Kf7 43. Ke3 Kg6 44. Kf4 Kxh6
45. Kxf5 Kg7 46. b3 Kf7 47. c4 bxc4 48. bxc4 Ke7 49. Kg5 Kd6 50. Kh6 Kc5 51.
Kxh7 Kxc4 52. Kg6 Kb3 53. Kf5 Kxa3 54. Ke4 Kb2 55. Kd4 a5 56. Kc4 a4 57. Kb4 a3
58. Ka4 a2 59. Kb4 a1=Q 60. Kb5 Qd1 61. Kc5 Qd3 62. Kb4 Qc3+ 63. Kb5 Qe5+ 64.
Kc4 Kc2 65. Kb4 Kd3 66. Kb3 Qc3+ 67. Ka2 Qb4 68. Ka1 Kc2 69. Ka2 Qa4# 0-1

[Event "Open Nuevo Centro. Jornada 3"]
[Site "Chess.com"]
[Date "2020.07.03"]
[Round "4"]
[White "Chernikov, Vladimir"
[Black "Roca Cruz, Rafael"
[Result "1-0"]
[WhiteElo "2256"]
[BlackElo "1839"]
[PlyCount "113"]
[EventDate "2020.??.??"]
1. b3 b5 2. e3 Bb7 3. Nf3 a6 4. Bb2 e6 5. d4 Nf6 6. Bd3 Be7 7. Nbd2 O-O 8. O-O
d6 9. c4 bxc4 10. bxc4 Nbd7 11. Rb1 Rb8 12. Qc2 g6 13. Ba1 c5 14. h3 cxd4 15.
exd4 Re8 16. Ne4 Nxe4 17. Bxe4 Bxe4 18. Qxe4 Bf6 19. Qc6 Nf8 20. Rxb8 Qxb8 21.
Qxa6 Qa8 22. Qxa8 Rxa8 23. d5 e5 24. c5 dxc5 25. Bxe5 Bxe5 26. Nxe5 Rxa2 27.
Rd1 Ra7 28. d6 Nd7 29. Nc6 Ra6 30. Ne7+ Kf8 31. f4 c4 32. Kf2 c3 33. Nd5 c2 34.
Rc1 Rxd6 35. Ne3 Rd2+ 36. Kf3 Nc5 37. Rxc2 Rxc2 38. Nxc2 Ke7 39. Nd4 Nd7 40.
Ke4 Nf6+ 41. Ke5 Nd7+ 42. Kd5 Nf6+ 43. Kc6 Nh5 44. Ne2 Ke6 45. g4 Ng7 46. Nd4+
Ke7 47. Kd5 Ne8 48. Ke5 f6+ 49. Kd5 Nc7+ 50. Kc6 Ne8 51. h4 Ng7 52. Kd5 h5 53.
Nc6+ Kd7 54. g5 fxg5 55. Ne5+ Ke7 56. fxg5 Nf5 57. Nxg6+ 1-0

[Event "Open Nuevo Centro. Jornada 3"]
[Site "Chess.com"]
[Date "2020.07.03"]
[Round "4"]
[White "Haoyou, Deng"
[Black "Perez Garcia, Jose Miguel"
[Result "0-1"]
[WhiteElo "1816"]
[BlackElo "2145"]
[PlyCount "164"]
[EventDate "2020.??.??"]
1. d4 Nf6 2. c4 g6 3. Nc3 Bg7 4. e4 d6 5. f3 O-O 6. Be3 c5 7. d5 Qa5 8. Qd2 a6
9. Bd3 b5 10. cxb5 Nbd7 11. bxa6 Bxa6 12. Bxa6 Rxa6 13. Nge2 Rb8 14. O-O Rab6
15. Rab1 Ne5 16. b3 Ne8 17. Na4 Qxd2 18. Bxd2 Ra6 19. Bc3 Nc7 20. f4 Nd3 21.
Bxg7 Kxg7 22. Nec3 Nb5 23. Nxb5 Rxb5 24. g3 Nb4 25. Rb2 Nd3 26. Rd2 Nb4 27. Rb2
Ra7 28. Rd2 Na6 29. e5 Nc7 30. exd6 exd6 31. Re1 Na6 32. Rde2 Rbb7 33. Rd2 Nb4
34. Kf2 h6 35. h3 h5 36. g4 hxg4 37. hxg4 Ra8 38. Kf3 Raa7 39. Kg3 Ra8 40. Kf3
Rh8 41. Kg3 Rc7 42. Rc1 Ra8 43. Rh1 Rcc8 44. Nb6 Rh8 45. Rxh8 Rxh8 46. Nc4 Rd8
47. Re2 Rd7 48. Rd2 Rd8 49. a3 Na6 50. Rd3 Nc7 51. Kf3 Nb5 52. f5 gxf5 53. gxf5
Kf6 54. Kf4 Nd4 55. Nd2 Nxf5 56. Ne4+ Kg6 57. Ng3 Ng7 58. b4 cxb4 59. axb4 Rb8
60. Rd4 Kf6 61. Ne4+ Ke7 62. Rc4 Rb7 63. Rc6 Ne8 64. Rc4 Nc7 65. Rd4 Rxb4 66.
Rxb4 Nxd5+ 67. Kf5 Nxb4 68. Nc3 Kd7 69. Kf6 Ke8 70. Nb5 d5 71. Nd4 Kd7 72. Kxf7
Kd6 73. Kf6 Kc5 74. Nf3 Nc6 75. Kf5 Nd4+ 76. Kf4 Nxf3 77. Kxf3 Kd4 78. Ke2 Kc3
79. Kd1 Kd3 80. Kc1 Ke2 81. Kc2 d4 82. Kc1 d3 0-1

[Event "Open Nuevo Centro. Jornada 3"]
[Site "Chess.com"]
[Date "2020.07.03"]
[Round "4"]
[White "Gimenez Saiz, Jose Raul"
[Black "Gutierrez Marco, Dario"
[Result "1/2-1/2"]
[WhiteElo "1553"]
[BlackElo "1861"]
[PlyCount "116"]
[EventDate "2020.??.??"]
1. d3 Nf6 2. b3 g6 3. Bb2 Bg7 4. g3 O-O 5. Bg2 d5 6. Nd2 c6 7. c4 Bf5 8. e4
dxe4 9. dxe4 Be6 10. Qc2 Na6 11. Rd1 Nb4 12. Qb1 Nd3+ 13. Kf1 Nxb2 14. Qxb2
Qd3+ 15. Ne2 Bg4 16. f3 Nxe4 17. Qc1 Nxd2+ 18. Rxd2 Qe3 19. fxg4 f5 20. g5 Qxg5
21. Rd7 Qxc1+ 22. Nxc1 f4 23. gxf4 Rxf4+ 24. Ke2 Bd4 25. Rf1 Rxf1 26. Kxf1 Rf8+
27. Ke1 Bc3+ 28. Ke2 e5 29. Be4 Bd4 30. Nd3 b5 31. cxb5 cxb5 32. Bd5+ Kh8 33.
Rf7 Rc8 34. Ne1 a5 35. h4 Bc3 36. h5 Bxe1 37. Kxe1 Rc1+ 38. Kd2 Ra1 39. a4 bxa4
40. bxa4 Rxa4 41. hxg6 Rd4+ 42. Kc3 Rxd5 43. Rxh7+ Kg8 44. Ra7 e4 45. Kc4 Re5
46. Kd4 Re6 47. Rxa5 e3 48. Ra1 e2 49. Re1 Kg7 50. Kd3 Kxg6 51. Rxe2 Rd6+ 52.
Kc3 Kf5 53. Kc4 Rd1 54. Kc3 Rd8 55. Kc4 Kf4 56. Kc3 Kf3 57. Re7 Rc8+ 58. Kd4
Rd8+ 1/2-1/2

[Event "Open Nuevo Centro. Jornada 3"]
[Site "Chess.com"]
[Date "2020.07.03"]
[Round "4"]
[White "Mar�n Corresa, Arturo"
[Black "Silva Rodriguez, Fernando"
[Result "0-1"]
[WhiteElo "2211"]
[BlackElo "2462"]
[PlyCount "128"]
[EventDate "2020.??.??"]
1. d4 d5 2. c4 dxc4 3. Nc3 a6 4. a4 Nc6 5. e3 Na5 6. Nf3 Nf6 7. Ne5 Be6 8. e4
c6 9. f4 g6 10. Be2 Bg7 11. O-O Nb3 12. Be3 Nxa1 13. Qxa1 b5 14. Nxc6 Qc8 15.
d5 Bd7 16. Ne5 O-O 17. Qa3 Rb8 18. axb5 axb5 19. Qb4 Re8 20. Bc5 Bf8 21. Bf3
Ng4 22. Nxd7 Qxd7 23. e5 h5 24. Ne4 Ra8 25. Rd1 Ra4 26. Qe1 Rc8 27. Bd4 b4 28.
Ng5 Qb5 29. e6 f6 30. Ne4 Nh6 31. d6 Nf5 32. d7 Rb8 33. Bxf6 exf6 34. Nxf6+ Kg7
35. Ne8+ Kh6 36. d8=Q Rxd8 37. Rxd8 Qb6+ 38. Kh1 Qxd8 39. Qd1 Qxd1+ 40. Bxd1
Ra1 41. g4 Rxd1+ 42. Kg2 hxg4 43. Nf6 Rd2+ 44. Kf1 Bc5 45. Nxg4+ Kg7 46. Ne5
Rxh2 47. Nxc4 Rf2+ 48. Ke1 Rxf4 49. Nd2 Kf6 50. Nb3 Re4+ 51. Kd2 Rxe6 52. Nxc5
Rd6+ 53. Kc2 Rc6 54. Kb3 Rxc5 55. Kxb4 Rc1 56. b3 g5 57. Ka3 g4 58. Kb2 g3 59.
Kxc1 g2 60. Kb2 g1=Q 61. b4 Ke5 62. Kb3 Kd5 63. Ka4 Kc4 64. Ka5 Qa7# 0-1

[Event "Open Nuevo Centro. Jornada 3"]
[Site "Chess.com"]
[Date "2020.07.03"]
[Round "4"]
[White "Ainsa Jimenez, Lucas"
[Black "Saiz Sapena, Veronica"
[Result "1/2-1/2"]
[WhiteElo "1033"]
[BlackElo "1518"]
[PlyCount "173"]
[EventDate "2020.??.??"]
1. e4 c6 2. Nf3 d5 3. exd5 cxd5 4. d4 Nc6 5. Nc3 Bg4 6. Be2 Nf6 7. h3 Bh5 8.
O-O e6 9. Ng5 Bxe2 10. Qxe2 Nxd4 11. Qd3 Nc6 12. Nf3 Bd6 13. Nb5 Be7 14. Bf4
O-O 15. Nc7 Rc8 16. Nb5 a6 17. Nc3 h6 18. a3 Qb6 19. Be3 Bc5 20. Bxc5 Qxc5 21.
Na4 Qa5 22. b3 b5 23. Nb2 Qc7 24. Rfe1 Ne7 25. a4 Qxc2 26. Qxc2 Rxc2 27. Nd3
bxa4 28. Rxa4 Rc3 29. Nc1 Ra8 30. Ra3 Nc6 31. Ne2 Rc2 32. Nfd4 Nxd4 33. Nxd4
Rd2 34. Nf3 Rd3 35. Ne5 Ne4 36. Nxd3 g5 37. b4 Nd2 38. Nc5 Nc4 39. Rxa6 Rb8 40.
Ra4 Nb6 41. Raa1 Nc4 42. Rab1 Na3 43. Rb3 Nc2 44. Rc1 Nd4 45. Rbb1 Ne2+ 46. Kf1
Nxc1 47. Rxc1 Rxb4 48. g3 Kf8 49. Kg2 Ke7 50. Kf3 Kd6 51. Na6 Rc4 52. Rd1 f5
53. h4 g4+ 54. Kg2 h5 55. Rb1 Ke5 56. Re1+ Kd6 57. Rb1 Kc6 58. Nb8+ Kc7 59.
Na6+ Kd6 60. Nb4 d4 61. Nd3 e5 62. Rb6+ Rc6 63. Rxc6+ Kxc6 64. Nxe5+ Kd5 65.
Nd3 Ke4 66. Nb4 d3 67. Nxd3 Kxd3 68. f3 Ke2 69. fxg4 fxg4 70. Kg1 Kf3 71. Kh2
Kf2 72. Kh1 Kxg3 73. Kg1 Kxh4 74. Kg2 Kg5 75. Kg3 h4+ 76. Kg2 Kf4 77. Kh2 Kf3
78. Kg1 Kg3 79. Kh1 Kh3 80. Kg1 g3 81. Kh1 g2+ 82. Kg1 Kg4 83. Kxg2 Kf4 84. Kf2
Kg4 85. Kg2 Kf4 86. Kf2 Kg4 87. Kg2 1/2-1/2

[Event "Open Nuevo Centro. Jornada 3"]
[Site "Chess.com"]
[Date "2020.07.03"]
[Round "4"]
[White "Mart�nez Escandell, Alfonso"
[Black "Yuste Valenzuela, Alejandro"
[Result "1-0"]
[WhiteElo "1724"]
[BlackElo "1846"]
[PlyCount "185"]
[EventDate "2020.??.??"]
1. e4 c5 2. Nf3 d6 3. d4 cxd4 4. Nxd4 Nf6 5. Nc3 g6 6. Be2 Bg7 7. Be3 O-O 8.
Qd2 Nc6 9. O-O d5 10. Nxc6 bxc6 11. Rad1 e6 12. Bc5 Re8 13. f4 Nd7 14. Be3 Nb6
15. e5 Qe7 16. b3 c5 17. Nb5 d4 18. Bf2 Nd5 19. c3 dxc3 20. Nxc3 Bb7 21. Ne4 f6
22. Bxc5 Qc7 23. exf6 Nxf6 24. Nxf6+ Bxf6 25. Rc1 Qg7 26. Bb5 Red8 27. Qe2 Bd4+
28. Bxd4 Qxd4+ 29. Qf2 Qg7 30. Rfe1 Bd5 31. Bc4 Bxc4 32. Rxc4 Re8 33. Rce4 Qf7
34. Re5 Rac8 35. Qe3 Rc6 36. g3 Kg7 37. Ra5 Rc7 38. Rd1 Kg8 39. Rd4 Rec8 40.
Rd2 Rc1+ 41. Kf2 R1c2 42. Re5 Rxd2+ 43. Qxd2 Qe7 44. Qe2 Re8 45. Kg2 Kf7 46. h3
Rc8 47. g4 Qb7+ 48. Kh2 Rc6 49. Rb5 Qc7 50. Qe5 Rc2+ 51. Kg3 Rc3+ 52. Kh4 Qe7+
53. g5 Rc7 54. Kg4 Rd7 55. Rb4 Kf8 56. Re4 Qf7 57. Qh8+ Ke7 58. Qe5 Kf8 59.
Qxe6 Qxe6+ 60. Rxe6 Rd2 61. Ra6 Rd7 62. h4 Kg7 63. h5 Rf7 64. h6+ Kf8 65. f5
gxf5+ 66. Kf4 Ke8 67. Rf6 Rc7 68. Rxf5 Rc2 69. Ra5 Rc7 70. Kf5 Kf7 71. b4 Rb7
72. a3 Kf8 73. Ra6 Kf7 74. Kg4 Kf8 75. Kh5 Kf7 76. Ra5 Kg8 77. b5 Kf7 78. a4
Rc7 79. Ra6 Rb7 80. g6+ hxg6+ 81. Rxg6 Rb8 82. Rg7+ Kf6 83. Rxa7 Rd8 84. Ra6+
Kf5 85. Rc6 Rd1 86. Rc5+ Kf6 87. a5 Rh1+ 88. Kg4 Rg1+ 89. Kf4 Rf1+ 90. Ke4 Re1+
91. Kd5 Re5+ 92. Kd4 Re7 93. a6 1-0

[Event "Open Nuevo Centro. Jornada 3"]
[Site "Chess.com"]
[Date "2020.07.03"]
[Round "4"]
[White "Macias Pino, Diego"
[Black "Garcia, Jhoel"
[Result "1/2-1/2"]
[WhiteElo "2203"]
[BlackElo "2327"]
[PlyCount "212"]
[EventDate "2020.??.??"]
1. e4 c5 2. Nc3 Nc6 3. Bb5 g6 4. Bxc6 bxc6 5. d3 Bg7 6. f4 d6 7. Nf3 Nf6 8. h3
O-O 9. O-O Ba6 10. Re1 e6 11. Rb1 d5 12. Qe2 Rb8 13. Qf2 Nd7 14. Bd2 c4 15. d4
Bb7 16. Ne5 Nxe5 17. fxe5 f5 18. exf6 Bxf6 19. Qe3 c5 20. e5 cxd4 21. Qxd4 Be7
22. Rf1 Qb6 23. Qxb6 axb6 24. Nb5 Bc5+ 25. Kh2 d4 26. Bh6 Rxf1 27. Rxf1 Be4 28.
Nc7 Bxc2 29. Nxe6 Bd3 30. Rf4 Bf5 31. Nxd4 Bxd4 32. Rxd4 Kf7 33. Rxc4 Ke6 34.
Bg7 Kd5 35. Rc1 b5 36. Bf6 Ra8 37. a3 Be4 38. b4 Rxa3 39. Rc5+ Ke6 40. Rxb5 Ra2
41. Kg3 h6 42. Kf4 Bxg2 43. h4 Bc6 44. Rc5 Bd5 45. Rc7 Rf2+ 46. Ke3 Rf3+ 47.
Kd2 Kf5 48. b5 Rb3 49. Rc5 Be6 50. Bd8 g5 51. hxg5 hxg5 52. b6 g4 53. Bc7 g3
54. Rc1 g2 55. Rg1 Bd5 56. Ke2 Ke4 57. Kf2 Rb2+ 58. Kg3 Kf5 59. Kh2 Ke6 60. Rd1
Rb3 61. Kg1 Rb2 62. Rc1 Kf5 63. Re1 Ke6 64. Rd1 Bb7 65. Rd6+ Kf5 66. Rd1 Bf3
67. Re1 Ke6 68. Rc1 Ra2 69. Kh2 Bb7 70. Kg3 Ra3+ 71. Kh2 Ra4 72. Rg1 Rh4+ 73.
Kg3 Rh8 74. Kf2 Rf8+ 75. Ke3 Rf1 76. Rxg2 Bxg2 77. Kd4 Bb7 78. Kc5 Rc1+ 79. Kd4
Bc6 80. Kd3 Kd5 81. Ke3 Rc4 82. Kd3 Re4 83. Kc3 Bb7 84. Kd3 Rh4 85. Ke3 Rh3+
86. Kf4 Ke6 87. Kg4 Rf3 88. Kg5 Rf5+ 89. Kg4 Be4 90. Kg3 Kf7 91. Kg4 Ke6 92.
Kg3 Kd5 93. Kg4 Kd4 94. b7 Rf8 95. b8=Q Rxb8 96. Bxb8 Bd5 97. Kf4 Kc4 98. Kf5
Kd3 99. Bc7 Kc4 100. e6 Bc6 101. e7 Kd5 102. Kf6 Be8 103. Kg7 Kc6 104. Kf8 Bd7
105. Bh2 Kd5 106. e8=Q Bxe8 1/2-1/2

[Event "Open Nuevo Centro. Jornada 3"]
[Site "Chess.com"]
[Date "2020.07.03"]
[Round "5"]
[White "Ferrando Lacruz, Nicol�s "
[Black "Grigorev, Artur "
[Result "0-1"]
[WhiteElo "964"]
[BlackElo "908"]
[PlyCount "44"]
[EventDate "2020.??.??"]
1. d4 d5 2. Bf4 Nc6 3. Nf3 Bf5 4. e3 Nf6 5. Nbd2 e6 6. Ne5 Nxe5 7. dxe5 Ne4 8.
Nxe4 dxe4 9. Bb5+ c6 10. Be2 Qa5+ 11. c3 Bc5 12. h4 O-O 13. h5 Rad8 14. Bg4
Rxd1+ 15. Kxd1 Bxg4+ 16. f3 exf3 17. gxf3 Bxf3+ 18. Ke1 Bxh1 19. Kf1 Qb5+ 20.
Kg1 Qxb2 21. Rd1 Bf3 22. Rf1 Qg2# 0-1

[Event "Open Nuevo Centro. Jornada 3"]
[Site "Chess.com"]
[Date "2020.07.03"]
[Round "5"]
[White "Conejero Mart�nez, V�ctor"
[Black "Bercaru, Vlad Ionut"
[Result "0-1"]
[WhiteElo "1416"]
[BlackElo "1792"]
[PlyCount "38"]
[EventDate "2020.??.??"]
1. d4 Nf6 2. c4 g6 3. Nc3 Bg7 4. Bg5 O-O 5. Nf3 d6 6. Qd2 Nbd7 7. Bh6 c5 8.
Bxg7 Kxg7 9. Qg5 cxd4 10. Nxd4 Ne5 11. Nf5+ Bxf5 12. e3 Qb6 13. b3 Nd3+ 14.
Bxd3 Bxd3 15. h4 Qc5 16. Qg3 Qe5 17. f4 Qxc3+ 18. Kf2 Qd2+ 19. Kf3 Qe2# 0-1

[Event "Open Nuevo Centro. Jornada 3"]
[Site "Chess.com"]
[Date "2020.07.03"]
[Round "5"]
[White "Alvarez Usina, Jordi"
[Black "Fern�ndez Martin, Carlos"
[Result "0-1"]
[WhiteElo "1266"]
[BlackElo "1624"]
[PlyCount "38"]
[EventDate "2020.??.??"]
1. d4 d6 2. Bf4 Nf6 3. Nf3 g6 4. e3 Bg7 5. Nbd2 O-O 6. Be2 Re8 7. c3 Nc6 8. O-O
e5 9. Bg3 e4 10. Ng5 h6 11. Nh3 Bxh3 12. gxh3 Qd7 13. h4 Ne7 14. Qc2 Nf5 15.
Rfe1 Nxg3 16. hxg3 Qh3 17. Bf1 Qf5 18. Bg2 Ng4 19. Nxe4 d5 0-1

[Event "Open Nuevo Centro. Jornada 3"]
[Site "Chess.com"]
[Date "2020.07.03"]
[Round "5"]
[White "Barber�n P�rez, Guillermo"
[Black "Ainsa Jimenez, Lucas"
[Result "1-0"]
[WhiteElo "1635"]
[BlackElo "1031"]
[PlyCount "43"]
[EventDate "2020.??.??"]
1. e4 e5 2. Nf3 Nc6 3. Bc4 Bc5 4. b4 Bxb4 5. c3 Bd6 6. d4 exd4 7. cxd4 h6 8.
Qb3 Qe7 9. O-O Nf6 10. e5 Nh7 11. exd6 cxd6 12. Re1 Ne5 13. dxe5 O-O 14. exd6
Qxd6 15. Nc3 a6 16. Ba3 Qg6 17. Bxf8 Kxf8 18. Ne5 Qf6 19. Nxf7 b5 20. Ne4 Qg6
21. Ned6 bxc4 22. Re8# 1-0

[Event "Open Nuevo Centro. Jornada 3"]
[Site "Chess.com"]
[Date "2020.07.03"]
[Round "5"]
[White "Mart�nez Cuenca, Adri�n "
[Black "Morata Briones, Carlos"
[Result "0-1"]
[WhiteElo "727"]
[BlackElo "906"]
[PlyCount "40"]
[EventDate "2020.??.??"]
1. e4 e5 2. Bc4 Bc5 3. Qh5 g6 4. Qf3 Qf6 5. Qxf6 Nxf6 6. Nf3 Nc6 7. Nc3 O-O 8.
O-O d6 9. Nxe5 Nxe5 10. Bb5 d5 11. exd5 Bd6 12. Be2 Neg4 13. Bxg4 Nxg4 14. f3
Bxh2+ 15. Kh1 Nf2+ 16. Rxf2 Bg3 17. Re2 Bg4 18. fxg4 Rfe8 19. Rxe8+ Rxe8 20. d3
Re1# 0-1

[Event "Open Nuevo Centro. Jornada 3"]
[Site "Chess.com"]
[Date "2020.07.03"]
[Round "5"]
[White "Birnoveanu, Petru"
[Black "Galcin Plitnikas, Artiom"
[Result "1-0"]
[WhiteElo "1669"]
[BlackElo "1294"]
[PlyCount "53"]
[EventDate "2020.??.??"]
1. e4 c5 2. c4 Nc6 3. Nc3 d6 4. d3 Nf6 5. f4 g6 6. Nf3 e5 7. fxe5 dxe5 8. Nd5
Bg7 9. Bg5 O-O 10. Qd2 Be6 11. Be2 Bxd5 12. exd5 Nd4 13. Nxe5 Nxe2 14. Qxe2 Re8
15. O-O Qc7 16. Rae1 Nd7 17. Rxf7 Rxe5 18. Rxg7+ Kxg7 19. Qd2 Rxe1+ 20. Qxe1
Nf6 21. Qh4 Re8 22. Bxf6+ Kg8 23. h3 Qf7 24. Bc3 Qe7 25. Qg4 Qe1+ 26. Bxe1
Rxe1+ 27. Kf2 1-0

[Event "Open Nuevo Centro. Jornada 3"]
[Site "Chess.com"]
[Date "2020.07.03"]
[Round "5"]
[White "Elenkov Olmo, Ivan"
[Black "M�ndez Gim�nez , N�stor Emmanuel"
[Result "0-1"]
[WhiteElo "928"]
[BlackElo "1148"]
[PlyCount "58"]
[EventDate "2020.??.??"]
1. e4 e6 2. Nc3 d5 3. exd5 exd5 4. Qe2+ Be7 5. Nf3 Nf6 6. d4 Nc6 7. Be3 Bg4 8.
h3 Bxf3 9. gxf3 O-O 10. O-O-O Nb4 11. Kb1 Bd6 12. Bg5 Be7 13. Bxf6 Bxf6 14. Qb5
a5 15. a3 c6 16. Qa4 b5 17. Qb3 Na6 18. Qa2 a4 19. Rg1 Qd6 20. Bd3 g6 21. Rd2
Qf4 22. Rgd1 Bxd4 23. Ne2 Qh4 24. Bxg6 hxg6 25. Rxd4 Qxf2 26. R4d2 Rae8 27. Nd4
Qxd2 28. Rxd2 Re1+ 29. Rd1 Rxd1# 0-1

[Event "Open Nuevo Centro. Jornada 3"]
[Site "Chess.com"]
[Date "2020.07.03"]
[Round "5"]
[White "G�mez Alonso, �scar"
[Black "Casado Andreu, David"
[Result "1-0"]
[WhiteElo "1785"]
[BlackElo "1497"]
[PlyCount "49"]
[EventDate "2020.??.??"]
1. d4 Nf6 2. c4 e5 3. dxe5 Ng4 4. Nf3 Nc6 5. a3 Bc5 6. e3 a5 7. Nbd2 Ngxe5 8.
Nxe5 Nxe5 9. b3 d6 10. Bb2 O-O 11. Be2 c6 12. Nf3 Qf6 13. Nxe5 dxe5 14. O-O Qg6
15. Bxe5 Bh3 16. Bg3 f5 17. gxh3 f4 18. exf4 Rae8 19. Bg4 Bd6 20. f5 Rxf5 21.
Bxf5 Qxf5 22. Qxd6 Qg5 23. Rae1 Rd8 24. Qe6+ Kh8 25. Qe8+ 1-0

[Event "Open Nuevo Centro. Jornada 3"]
[Site "Chess.com"]
[Date "2020.07.03"]
[Round "5"]
[White "Saiz Sapena, Veronica"
[Black "Valverde Alcaide, Miguel Alejandro"
[Result "1-0"]
[WhiteElo "1518"]
[BlackElo "862"]
[PlyCount "57"]
[EventDate "2020.??.??"]
1. e4 e5 2. Nf3 Qe7 3. Bc4 f6 4. O-O a6 5. Nc3 c6 6. a3 b5 7. Ba2 Nh6 8. d3 d6
9. Bxh6 gxh6 10. d4 Rg8 11. dxe5 Bh3 12. Nh4 f5 13. Qh5+ Kd8 14. exd6 Qxd6 15.
Rad1 Rxg2+ 16. Nxg2 Bxg2 17. Rxd6+ Bxd6 18. Kxg2 Kc7 19. Qxf5 Nd7 20. Qxh7 Kb6
21. Qxd7 Bxh2 22. Kxh2 Rf8 23. f4 Rf6 24. e5 Rf8 25. Ne4 h5 26. Qd4+ Ka5 27.
b4+ Ka4 28. Bb3+ Kxa3 29. Ra1# 1-0

[Event "Open Nuevo Centro. Jornada 3"]
[Site "Chess.com"]
[Date "2020.07.03"]
[Round "5"]
[White "Rabbani Perez, Ayoub "
[Black "Mart�nez Cuenca, Jose Andr�s"
[Result "0-1"]
[WhiteElo "257"]
[BlackElo "1010"]
[PlyCount "54"]
[EventDate "2020.??.??"]
1. g4 c5 2. g5 e5 3. g6 hxg6 4. Nf3 Bd6 5. Nxe5 Bxe5 6. f4 Bxf4 7. e3 Be5 8. e4
d6 9. h4 Rxh4 10. Rxh4 Qxh4+ 11. Ke2 Bg4+ 12. Kd3 Bxd1 13. Bh3 Qg3+ 14. Kc4 Nf6
15. Kb5 Qxh3 16. Nc3 Qd7+ 17. Kc4 Bxc3 18. Kd3 c4+ 19. Kxc4 Qc6+ 20. Kb3 Bd4
21. Kb4 Qb6+ 22. Kc4 Qc5+ 23. Kd3 Bxc2+ 24. Ke2 Qc4+ 25. Kf3 Bd1+ 26. Kg3 Nh5+
27. Kg2 Qe2+ 0-1

[Event "Open Nuevo Centro. Jornada 3"]
[Site "Chess.com"]
[Date "2020.07.03"]
[Round "5"]
[White "Gerona Maura, Jesus"
[Black "Lloret Ramis, Juan Jos�"
[Result "1-0"]
[WhiteElo "1813"]
[BlackElo "1974"]
[PlyCount "45"]
[EventDate "2020.??.??"]
1. e4 e6 2. Nf3 d5 3. Nc3 Nf6 4. e5 Ne4 5. Bd3 Nxc3 6. dxc3 c5 7. Bb5+ Nc6 8.
Bxc6+ bxc6 9. O-O Be7 10. Be3 O-O 11. Qd2 a5 12. Rfd1 a4 13. a3 Rb8 14. Ra2 Ba6
15. Qc1 Bc4 16. Ra1 Qb6 17. b4 axb3 18. cxb3 Bxb3 19. Rb1 Qa5 20. Rd2 Bc4 21.
Rdb2 Qxa3 22. Rxb8 Qxc1+ 23. Bxc1 1-0

[Event "Open Nuevo Centro. Jornada 3"]
[Site "Chess.com"]
[Date "2020.07.03"]
[Round "5"]
[White "Fitzpatrick Dimas  , Andrew "
[Black "Maestre Soler, Sergio"
[Result "1-0"]
[WhiteElo "1073"]
[BlackElo "864"]
[PlyCount "59"]
[EventDate "2020.??.??"]
1. e4 e5 2. Nf3 Bc5 3. Nc3 Nc6 4. Bc4 h6 5. O-O Nf6 6. h3 O-O 7. d3 Nd4 8. Nxe5
d6 9. Nf3 Nxf3+ 10. Qxf3 Bd4 11. Qg3 Bxc3 12. bxc3 b6 13. Bxh6 Nh5 14. Qg5 Qxg5
15. Bxg5 Bxh3 16. gxh3 c5 17. Bd5 Rae8 18. Rae1 Re5 19. f4 Nxf4 20. Bxf4 Rh5
21. Kg2 Rc8 22. Bxd6 Rg5+ 23. Bg3 Rd8 24. c4 Rd6 25. Kh2 Rdg6 26. Bxf7+ Kh7 27.
Bxg6+ Rxg6 28. Rf4 Rxg3 29. Rh4+ Kg6 30. Kxg3 1-0

[Event "Open Nuevo Centro. Jornada 3"]
[Site "Chess.com"]
[Date "2020.07.03"]
[Round "5"]
[White "Yuste Valenzuela, Alejandro"
[Black "Cebolla Ruiz, David"
[Result "1-0"]
[WhiteElo "1849"]
[BlackElo "1539"]
[PlyCount "41"]
[EventDate "2020.??.??"]
1. e4 c6 2. d4 d5 3. e5 Bf5 4. h4 e6 5. g4 Be4 6. f3 Bg6 7. h5 Be4 8. fxe4 dxe4
9. Be3 f6 10. Nc3 Bb4 11. a3 Ba5 12. b4 Bc7 13. Nxe4 fxe5 14. dxe5 Qxd1+ 15.
Rxd1 Bxe5 16. Nf3 Bc7 17. Bc4 e5 18. Nfg5 Nf6 19. Nxf6+ gxf6 20. Ne6 Bd8 21.
Rxd8+ 1-0

[Event "Open Nuevo Centro. Jornada 3"]
[Site "Chess.com"]
[Date "2020.07.03"]
[Round "5"]
[White "Garrido Silos, Pablo"
[Black "Mart�nez Carvajal, Juan Francisco"
[Result "0-1"]
[WhiteElo "1370"]
[BlackElo "1740"]
[PlyCount "50"]
[EventDate "2020.??.??"]
1. e4 c5 2. c3 Nf6 3. e5 Nd5 4. d4 cxd4 5. Nf3 Nc6 6. cxd4 d6 7. Bc4 Nb6 8. Bb3
e6 9. O-O Be7 10. Nc3 a5 11. Be3 O-O 12. Qd2 d5 13. a3 a4 14. Ba2 Na5 15. Rac1
Nac4 16. Bxc4 Nxc4 17. Qe2 b6 18. Nd2 Nxb2 19. Rb1 Ba6 20. Qd1 Nxd1 21. Rfxd1
Bd3 22. Rb2 Bxa3 23. Ra2 Bb4 24. Rxa4 Bxc3 25. Rxa8 Qxa8 0-1

[Event "Open Nuevo Centro. Jornada 3"]
[Site "Chess.com"]
[Date "2020.07.03"]
[Round "5"]
[White "Roca Cruz, Rafael"
[Black "Kovacevic, Slobodan"
[Result "0-1"]
[WhiteElo "1836"]
[BlackElo "2110"]
[PlyCount "46"]
[EventDate "2020.??.??"]
1. d4 Nf6 2. c4 e6 3. Nc3 c5 4. d5 exd5 5. cxd5 d6 6. e4 g6 7. Nge2 a6 8. Ng3
b5 9. Bd3 Bg7 10. O-O O-O 11. h3 Re8 12. Re1 Nbd7 13. Bg5 h6 14. Be3 h5 15. Bg5
c4 16. Bc2 Nc5 17. f3 Qc7 18. Qd2 Nfd7 19. Bh6 Bh8 20. Qg5 Re5 21. Nf5 Bf6 22.
Qg3 Kh7 23. f4 Re8 0-1

[Event "Open Nuevo Centro. Jornada 3"]
[Site "Chess.com"]
[Date "2020.07.03"]
[Round "5"]
[White "Alvarez Usina, Joan"
[Black "Valero Artagoitia, Sara"
[Result "1-0"]
[WhiteElo "691"]
[BlackElo "533"]
[PlyCount "39"]
[EventDate "2020.??.??"]
1. d4 d5 2. Bf4 Bf5 3. e3 e6 4. Nf3 Nf6 5. Ne5 Bg4 6. Nxg4 Nxg4 7. Qxg4 h6 8.
Be5 Bd6 9. Qxg7 Rg8 10. Qxh6 Rf8 11. Bg7 Rg8 12. Qh7 Ke7 13. Qh4+ Kd7 14. Qf6
Nc6 15. Qxf7+ Ne7 16. g3 Kc6 17. Bf6 Rf8 18. Qxe6 a6 19. Bxe7 Qe8 20. Bxd6 1-0